<?xml version="1.0" encoding="UTF-8"?>
<record
    xmlns:xsi="http://www.w3.org/2001/XMLSchema-instance"
    xsi:schemaLocation="http://www.loc.gov/MARC21/slim http://www.loc.gov/standards/marcxml/schema/MARC21slim.xsd"
    xmlns="http://www.loc.gov/MARC21/slim">

  <leader>01000cam a2200325 a 4500</leader>
  <controlfield tag="001">2681005</controlfield>
  <controlfield tag="003">OSt</controlfield>
  <controlfield tag="005">20150408114145.0</controlfield>
  <controlfield tag="008">950106s1961    nyu      b    000 0 eng d</controlfield>
  <datafield tag="020" ind1=" " ind2=" ">
    <subfield code="a">0809005271 (pbk.)</subfield>
  </datafield>
  <datafield tag="035" ind1=" " ind2=" ">
    <subfield code="a">(OCoLC)43440819</subfield>
  </datafield>
  <datafield tag="035" ind1=" " ind2=" ">
    <subfield code="a">(OCoLC)ocm43440819</subfield>
  </datafield>
  <datafield tag="035" ind1=" " ind2=" ">
    <subfield code="a">(NNC)2681005</subfield>
  </datafield>
  <datafield tag="040" ind1=" " ind2=" ">
    <subfield code="a">CSt</subfield>
    <subfield code="c">CSt</subfield>
    <subfield code="d">NNU</subfield>
  </datafield>
  <datafield tag="082" ind1=" " ind2=" ">
    <subfield code="2">22</subfield>
    <subfield code="a">808.2</subfield>
    <subfield code="b">ARP</subfield>
  </datafield>
  <datafield tag="100" ind1="0" ind2=" ">
    <subfield code="a">Aristotle.</subfield>
    <subfield code="9">38545</subfield>
  </datafield>
  <datafield tag="240" ind1="0" ind2="0">
    <subfield code="a">Poetics.</subfield>
    <subfield code="l">English</subfield>
  </datafield>
  <datafield tag="245" ind1="1" ind2="0">
    <subfield code="a">Aristotle's Poetics /</subfield>
    <subfield code="c">translated by S.H. Butcher ; introduction by Francis Fergusson.</subfield>
  </datafield>
  <datafield tag="260" ind1=" " ind2=" ">
    <subfield code="a">New York :</subfield>
    <subfield code="b">Hill and Wang,</subfield>
    <subfield code="c">1961.</subfield>
  </datafield>
  <datafield tag="300" ind1=" " ind2=" ">
    <subfield code="a">118 p. ;</subfield>
    <subfield code="c">19 cm.</subfield>
  </datafield>
  <datafield tag="504" ind1=" " ind2=" ">
    <subfield code="a">Bibliography: p. 41-44.</subfield>
  </datafield>
  <datafield tag="600" ind1="0" ind2="0">
    <subfield code="a">Aristotle.</subfield>
    <subfield code="t">Poetics.</subfield>
    <subfield code="9">38546</subfield>
  </datafield>
  <datafield tag="650" ind1=" " ind2="0">
    <subfield code="a">Poetry</subfield>
    <subfield code="v">Early works to 1800.</subfield>
  </datafield>
  <datafield tag="650" ind1=" " ind2="0">
    <subfield code="a">Aesthetics</subfield>
    <subfield code="v">Early works to 1800.</subfield>
    <subfield code="9">38547</subfield>
  </datafield>
  <datafield tag="700" ind1="1" ind2=" ">
    <subfield code="a">Butcher, S. H.</subfield>
    <subfield code="q">(Samuel Henry),</subfield>
    <subfield code="d">1850-1910.</subfield>
    <subfield code="9">38548</subfield>
  </datafield>
  <datafield tag="700" ind1="1" ind2=" ">
    <subfield code="a">Fergusson, Francis.</subfield>
    <subfield code="9">38549</subfield>
  </datafield>
  <datafield tag="942" ind1=" " ind2=" ">
    <subfield code="2">ddc</subfield>
    <subfield code="c">BOOK</subfield>
  </datafield>
  <datafield tag="948" ind1="2" ind2=" ">
    <subfield code="a">20060505</subfield>
    <subfield code="b">a</subfield>
    <subfield code="c">ks26</subfield>
    <subfield code="d">MPS</subfield>
  </datafield>
  <datafield tag="999" ind1=" " ind2=" ">
    <subfield code="c">31558</subfield>
    <subfield code="d">266058</subfield>
  </datafield>
  <datafield tag="952" ind1=" " ind2=" ">
    <subfield code="1">0</subfield>
    <subfield code="2">2013-10-29</subfield>
    <subfield code="4">0</subfield>
    <subfield code="7">0</subfield>
    <subfield code="a">808.2 ARP</subfield>
    <subfield code="d">2013-10-29</subfield>
    <subfield code="h">CL</subfield>
    <subfield code="i">00402540</subfield>
    <subfield code="m">CL</subfield>
    <subfield code="r">2013-10-29 00:00:00</subfield>
    <subfield code="t">BOOK</subfield>
    <subfield code="w">ddc</subfield>
    <subfield code="y">0</subfield>
  </datafield>
  <datafield tag="952" ind1=" " ind2=" ">
    <subfield code="1">0</subfield>
    <subfield code="2">2013-10-29</subfield>
    <subfield code="4">0</subfield>
    <subfield code="7">0</subfield>
    <subfield code="a">808.2 ARP</subfield>
    <subfield code="d">2013-10-29</subfield>
    <subfield code="h">CL</subfield>
    <subfield code="i">00402541</subfield>
    <subfield code="m">CL</subfield>
    <subfield code="r">2013-10-29 00:00:00</subfield>
    <subfield code="t">BOOK</subfield>
    <subfield code="w">ddc</subfield>
    <subfield code="y">0</subfield>
  </datafield>
  <datafield tag="952" ind1=" " ind2=" ">
    <subfield code="1">0</subfield>
    <subfield code="2">2013-10-29</subfield>
    <subfield code="4">0</subfield>
    <subfield code="7">0</subfield>
    <subfield code="a">808.2 ARP</subfield>
    <subfield code="d">2013-10-29</subfield>
    <subfield code="h">CL</subfield>
    <subfield code="i">00402542</subfield>
    <subfield code="m">CL</subfield>
    <subfield code="r">2013-10-29 00:00:00</subfield>
    <subfield code="t">BOOK</subfield>
    <subfield code="w">ddc</subfield>
    <subfield code="y">0</subfield>
  </datafield>
  <datafield tag="952" ind1=" " ind2=" ">
    <subfield code="1">0</subfield>
    <subfield code="2">2013-10-29</subfield>
    <subfield code="4">0</subfield>
    <subfield code="7">0</subfield>
    <subfield code="a">808.2 ARP</subfield>
    <subfield code="d">2013-10-29</subfield>
    <subfield code="h">EZF</subfield>
    <subfield code="i">00402543</subfield>
    <subfield code="m">SZM</subfield>
    <subfield code="q">2015-08-31</subfield>
    <subfield code="r">2015-11-11 00:00:00</subfield>
    <subfield code="t">BOOK</subfield>
    <subfield code="w">ddc</subfield>
    <subfield code="y">1</subfield>
  </datafield>
  <datafield tag="952" ind1=" " ind2=" ">
    <subfield code="1">0</subfield>
    <subfield code="2">2013-10-29</subfield>
    <subfield code="4">0</subfield>
    <subfield code="7">0</subfield>
    <subfield code="a">808.2 ARP</subfield>
    <subfield code="d">2013-10-29</subfield>
    <subfield code="h">SZM</subfield>
    <subfield code="i">00402544</subfield>
    <subfield code="m">SZM</subfield>
    <subfield code="r">2013-10-29 00:00:00</subfield>
    <subfield code="t">BOOK</subfield>
    <subfield code="w">ddc</subfield>
    <subfield code="y">0</subfield>
  </datafield>
</record>
